The Sultanpur Chronicles: (Record no. 190875)

MARC details
000 -LEADER
fixed length control field 01002nam a22001817a 4500
005 - DATE AND TIME OF LATEST TRANSACTION
control field 20220808151217.0
010 ## - LCCN (DPL NO)
LC control number ENG-134356
020 ## - INTERNATIONAL STANDARD BOOK NUMBER
International Standard Book Number 9789351952213
Terms of availability 450.00
035 ## - SYSTEM CONTROL NUMBER
System control number EN-117888
037 ## - SOURCE OF ACQUISITION
Source of stock number/acquisition DBAD/PUB
082 ## - DEWEY DECIMAL CLASSIFICATION NUMBER
Classification number N
100 ## - MAIN ENTRY--PERSONAL NAME
Personal name Upendran, Achala
245 ## - TITLE STATEMENT
Title The Sultanpur Chronicles:
Remainder of title Shadowed City/
Statement of responsibility, etc Achala Upendran
260 ## - PUBLICATION, DISTRIBUTION, ETC. (IMPRINT)
Place of publication, distribution, etc Gurugram
Name of publisher, distributor, etc Hachette Book Publishing India Pvt. Ltd
Date of publication, distribution, etc 2018
270 ## - ADDRESS
Address 4th/5th Floors, Corporate Centre, Sector 44
City Gurugram
Postal code 122003
300 ## - PHYSICAL DESCRIPTION
Extent 341p.
Dimensions 20cm(pbk)
942 ## - ADDED ENTRY ELEMENTS (KOHA)
Source of classification or shelving scheme Dewey Decimal Classification
Item type English Books
Classification part N
Call number suffix UPE
Holdings
Withdrawn status Lost status Not for loan Collection code Home library Current library Date acquired Source of acquisition Cost, normal purchase price Full call number Barcode Copy number Cost, replacement price Koha item type
      Non-fiction Bawana Bawana 08/08/2022 DBAD/PUB 450.00 N UPE EN-117888 1 450.00 English Books

© Delhi Public Library
Hit Counter
free hit counter